| 000 | 00764nam a2200253 a 4500 | ||
|---|---|---|---|
| 001 | 51424 | ||
| 003 | BD-RjUL | ||
| 005 | 20211209075646.0 | ||
| 008 | 790110s1967 nyu b 001 0 eng d | ||
| 035 | _a(BD-RjUL)51544 | ||
| 040 |
_aIGR _cIGR _beng |
||
| 041 | _aeng | ||
| 082 |
_223 _a170 _bHAF 1967 |
||
| 100 | 1 |
_aHare, R. M. _q(Richard Mervyn) _9153824 |
|
| 245 | 1 | 0 |
_aFreedom and reason / _cby R. M. Hare. |
| 260 |
_aNew York : _bOxford University Press, _cc1963, [1967printing.] |
||
| 300 |
_avii, 228 p. ; _c21 cm. |
||
| 490 | 1 |
_aOxford paperbacks ; _v92 |
|
| 500 | _a"Open university set book." | ||
| 504 | _aIncludes bibliographical references and index. | ||
| 650 | 0 |
_aEthics. _9153825 |
|
| 830 | 0 |
_aOxford paperbacks ; _v92. _9153835 |
|
| 942 |
_2ddc _cBK |
||
| 999 |
_c51424 _d51424 |
||